|
|
|
|
| LEADER |
01062nam a22002297a 4500 |
| 001 |
31477 |
| 003 |
BD-DhAAL |
| 005 |
20161116110956.0 |
| 008 |
161116s2011 bg ||||| |||| 00| 0 ben d |
| 020 |
|
|
|a 9787035000933
|
| 040 |
|
|
|a BD-DhAAL
|c BD-DhAAL
|
| 082 |
|
|
|2 23
|a 823.912
|
| 100 |
|
|
|a জাগীরদার, ওবেইদ
|9 20777
|
| 245 |
|
|
|a ওবেইদ জাগীরদার রচনাসমগ্র (দ্বিতীয় খন্ড) :
|b আন্তর্জাতিক /
|c ওবেইদ জাগীরদার
|
| 260 |
|
|
|a ঢাকা :
|b রামন পাবলিশার্স,
|c 2011
|
| 300 |
|
|
|a ৪০৭ পৃষ্ঠা :
|b চিত্র ;
|c ২২ সে. মি.
|
| 541 |
|
|
|e 31477
|
| 650 |
|
|
|a Jaigirdar, Obaid
|x Political and social views
|9 20778
|
| 852 |
|
|
|a Ayesha Abed Library
|c General Stacks
|
| 942 |
|
|
|2 ddc
|c BK
|
| 999 |
|
|
|c 37905
|d 37905
|
| 952 |
|
|
|0 0
|1 0
|2 ddc
|4 0
|6 823_912000000000000_JAI
|7 0
|9 59810
|a BRACUL
|b BRACUL
|c GEN
|d 2016-11-16
|e Author
|l 5
|m 77
|o 823.912 JAI
|p 3010031477
|r 2023-05-24
|s 2022-10-19
|t 1
|w 2016-11-16
|y BK
|